| 000 | 00704nam a2200205Ia 4500 | ||
|---|---|---|---|
| 003 | GCL | ||
| 005 | 20240530101758.0 | ||
| 008 | 140319s9999 xx 000 0 ara d | ||
| 040 |
_aGCL / _cGCL |
||
| 082 | 0 | 4 |
_a813.009 _bم ع |
| 100 | 1 | _aمراد عبدالرحمن مبروك | |
| 245 | 1 | 0 |
_aالعناصر التراثية فى الرواية العربية فى مصر : دراسة نقدية (1986-1914) / _cمراد عبدالرحمن مبروك |
| 260 |
_a[S.N] : _bدار المعارف ، _c1991 |
||
| 300 | _a336 ص | ||
| 650 | 0 | 4 | _aالادب العربى |
| 650 | 0 | 4 | _aالعصر الحديث |
| 650 | 0 | 4 | _aالقصة العربية |
| 650 | 0 | 4 | _aتاريخ ونقد |
| 942 |
_2ddc _cBK |
||
| 999 |
_c27669 _d27669 |
||